000 00525nam a2200229Ia 4500
003 IT-RoPAU
008 120407s9999 xx 000 0 und d
040 _aIT-RoPAU
040 _cIT-RoPAU
041 _aita
100 _aW. K. Grossouw
245 _aSpiritualità biblica. Riflessioni sullo spirito del Nuovo Testamento.
250 _aRoma
260 _aEdizioni Paoline
260 _c1963
300 _a249 p.
300 _c18 cm
490 _aOrientamenti, 21
490 _v1
942 _cBK
999 _c30331
_d30331